000 00205 a2200109 4500
020 _a9781558857476
041 _aspa
100 _aZepeda;Gwendolyn
245 _aPaso de nivel
942 _cBK
952 _71
999 _c19989
_d19989